Weiter zum Inhalt

Теоретические основы работы газостатических опор Монография

Gespeichert in:
Bibliographische Detailangaben
1. Verfasser: Снопов А.И
Format: Монография
Online Zugang:https://znanium.com/catalog/document?id=237337
https://znanium.com/cover/0549/549831.jpg
Tags: Tag hinzufügen
Keine Tags, Fügen Sie den ersten Tag hinzu!
LEADER 01294nam0a2200253 i 4500
001 RU\infra-m\znanium\bibl\549831
003 https://znanium.com/catalog/document?id=237337
005 20190327000000.0
010 |a 978-5-9275-0701-6 
100 |a 20190327d2016 m y0rusy0150 ca 
101 0 |a rus 
102 |a RU 
200 1 |a Теоретические основы работы газостатических опор  |e Монография 
210 1 |a Ростов-на-Дону  |c Издательство Южного федерального университета (ЮФУ)  |d 2009 
215 |a 176 с. 
333 |a ВО - Магистратура 
606 |a Физико-математические науки  |x Общая механика  |2 local 
608 |a Монография  |2 local 
675 |a 533:621.01/.03  |z rus 
686 |a 22.253+34.41  |2 rubbk 
700 1 |a Снопов  |b А.И.  |g Александр Иванович 
801 0 |a RU  |b Общество с ограниченной ответственностью «ЗНАНИУМ»  |c 20160309  |2 rusmarc 
856 4 |a znanium.com  |m ebs_support@infra-m.ru  |n НИЦ ИНФРА-М  |u https://znanium.com/catalog/document?id=237337 
856 4 1 |a znanium.com  |d /cover/0549  |f 549831.jpg  |q image/jpeg  |u https://znanium.com/cover/0549/549831.jpg